[Event "ROM-ch U12"]
[Site "Calimanesti Caciulata"]
[Date "2019.04.17"]
[Round "4"]
[White "Rosca, Mario Andrei"]
[Black "Nicolae, Dan Stefan"]
[Result "1/2-1/2"]
[WhiteElo "1337"]
[BlackElo "1491"]
[PlyCount "67"]
[EventDate "2019.04.15"]
[EventType "swiss"]
[EventRounds "9"]
[EventCountry "ROU"]
[SourceTitle "CBM 190 Extra"]
[Source "ChessBase"]
[SourceDate "2019.07.15"]
[SourceVersion "1"]
[SourceVersionDate "2019.07.15"]
[SourceQuality "1"]

1. e4 c5 2. Nf3 Nc6 3. d4 cxd4 4. Nxd4 g6 5. Nc3 Bg7 6. Be3 Nf6 7. Bc4 0-0 8. Bb3 d6 9. f3 Na5 10. 0-0 a6 11. a3 Nxb3 12. Nxb3 b5 13. Qd2 Bb7 14. Nd4 Qc7 15. Rad1 Rad8 16. Qf2 Rd7 17. Rfe1 d5 18. exd5 Nxd5 19. Nxd5 Rxd5 20. c3 Qd7 21. Rd2 Bxd4 22. Bxd4 Rd8 23. Red1 Qf5 24. Qf1 Qg5 25. Qe2 e6 26. Be3 Qe5 27. Rxd5 Rxd5 28. Rxd5 Qxd5 29. Qd2 Qxd2 30. Bxd2 Kg7 31. Kf2 e5 32. Be3 f5 33. g3 Kf6 34. f4 1/2-1/2

[Event "EU-ch U10 27th"]
[Site "Mamaia"]
[Date "2017.09.07"]
[Round "3"]
[White "Nicolae, Dan Stefan"]
[Black "Van Foreest, Machteld"]
[Result "1-0"]
[WhiteElo "1364"]
[BlackElo "1877"]
[PlyCount "125"]
[EventDate "2017.09.05"]
[EventType "swiss"]
[EventRounds "9"]
[EventCountry "ROU"]
[SourceTitle "CBM 180 Extra"]
[Source "ChessBase"]
[SourceDate "2017.10.06"]
[SourceVersion "1"]
[SourceVersionDate "2017.10.06"]
[SourceQuality "1"]

1. d4 d5 2. Nf3 Nf6 3. c4 c6 4. Qc2 e6 5. g3 Nbd7 6. Bg2 Bd6 7. 0-0 0-0 8. Nbd2 b6 9. Rd1 Bb7 10. e4 dxe4 11. Nxe4 Nxe4 12. Qxe4 Qc7 13. Qc2 Nf6 14. c5 bxc5 15. dxc5 Be7 16. Bf4 Qa5 17. b4 Qa3 18. Bc1 Qxb4 19. Rb1 Qxc5 20. Qxc5 Bxc5 21. Rxb7 Rad8 22. Re1 Ng4 23. Rb2 Rb8 24. Rc2 Bb6 25. h3 Nf6 26. Be3 Bxe3 27. Rxe3 Nd5 28. Re1 Rbc8 29. a3 Rc7 30. Rec1 Rfc8 31. Nd4 c5 32. Nb5 Rd7 33. Rxc5 Rcd8 34. Rc8 a6 35. Rxd8+ Rxd8 36. Nc3 Rc8 37. Ne2 Rb8 38. Rd1 Nb6 39. Rb1 Kf8 40. Nd4 Nd7 41. Rxb8+ Nxb8 42. Kf1 Ke7 43. Ke2 Kd6 44. Kd3 Nd7 45. f4 g6 46. Nb3 Nf6 47. g4 e5 48. fxe5+ Kxe5 49. Ke3 Kd6 50. Bb7 Nd5+ 51. Bxd5 Kxd5 52. Kd3 Ke5 53. Nc5 Kf4 54. Nxa6 Kg3 55. Nc5 f5 56. a4 f4 57. a5 f3 58. Ne4+ Kxh3 59. a6 Kxg4 60. a7 h5 61. a8Q h4 62. Qc8+ Kf4 63. Qe6 1-0

[Event "ROM-ch U10"]
[Site "Baile Felix"]
[Date "2017.02.05"]
[Round "4"]
[White "Cnejev, Vladimir Alexandru"]
[Black "Nicolae, Dan Stefan"]
[Result "0-1"]
[WhiteElo "1514"]
[BlackElo "1291"]
[PlyCount "76"]
[EventDate "2017.02.02"]
[EventType "swiss"]
[EventRounds "9"]
[EventCountry "ROU"]
[SourceTitle "CBM 176 Extra"]
[Source "ChessBase"]
[SourceDate "2017.03.02"]
[SourceVersion "1"]
[SourceVersionDate "2017.03.02"]
[SourceQuality "1"]

1. e4 c5 2. c3 g6 3. d4 cxd4 4. cxd4 d5 5. e5 Nc6 6. Nf3 Bg7 7. h3 e6 8. Bb5 Qb6 9. Nc3 Nge7 10. Bd3 0-0 11. Bc2 f6 12. Na4 Qc7 13. exf6 Rxf6 14. 0-0 Rf8 15. Re1 Nxd4 16. Nxd4 Bxd4 17. Be3 Bxe3 18. Rxe3 d4 19. Rb3 Bd7 20. Qxd4 Bxa4 21. Rc3 Bc6 22. b4 Qf4 23. Qc5 Nd5 24. Rc4 Qf6 25. Rd1 a6 26. a4 Rac8 27. Qd4 Qxd4 28. Rcxd4 Nf4 29. Rd6 Bxg2 30. Bb3 Bxh3 31. Rb6 Rc7 32. Kh2 Bf5 33. Rd4 Nh5 34. Bxe6+ Bxe6 35. Rxe6 Rxf2+ 36. Kg1 Ra2 37. Re1 Rcc2 38. Rg4 Rc8 0-1

[Event "ROM-ch U10"]
[Site "Baile Felix"]
[Date "2017.02.02"]
[Round "1"]
[White "Covrig, Raul Alexandru"]
[Black "Nicolae, Dan Stefan"]
[Result "0-1"]
[WhiteElo "1162"]
[BlackElo "1291"]
[PlyCount "58"]
[EventDate "2017.02.02"]
[EventType "swiss"]
[EventRounds "9"]
[EventCountry "ROU"]
[SourceTitle "CBM 176 Extra"]
[Source "ChessBase"]
[SourceDate "2017.03.02"]
[SourceVersion "1"]
[SourceVersionDate "2017.03.02"]
[SourceQuality "1"]

1. e4 e5 2. Nf3 Nc6 3. Nc3 Nf6 4. Bc4 Bc5 5. 0-0 d6 6. d3 h6 7. Be3 Bb6 8. Re1 Bg4 9. h3 Bh5 10. Nd5 Nd4 11. Bxd4 Bxd4 12. c3 Bb6 13. d4 Bxf3 14. gxf3 0-0 15. Kf1 c6 16. Nxf6+ Qxf6 17. Ke2 exd4 18. cxd4 Bxd4 19. Qb3 Bxb2 20. Rab1 Bd4 21. Qxb7 d5 22. exd5 cxd5 23. Bxd5 Rae8+ 24. Be4 Qe6 25. Rb3 f5 26. Rd1 Bf6 27. Kf1 fxe4 28. fxe4 Qxe4 29. Qxa7 Qh1# 0-1

[Event "ROM-ch U10"]
[Site "Calimanesti Caciulata"]
[Date "2016.04.25"]
[Round "9"]
[White "Nicolae, Dan Stefan"]
[Black "Oltean, Cristian Daniel"]
[Result "1-0"]
[WhiteElo "1206"]
[BlackElo "1110"]
[PlyCount "72"]
[EventDate "2016.04.18"]
[EventType "swiss"]
[EventRounds "9"]
[EventCountry "ROU"]
[SourceTitle "EXT 2017"]
[Source "ChessBase"]
[SourceDate "2016.10.25"]
[SourceVersion "1"]
[SourceVersionDate "2016.10.25"]
[SourceQuality "1"]

1. e4 e5 2. Nf3 Nc6 3. Bb5 d6 4. d4 exd4 5. Nxd4 Bd7 6. Nxc6 Bxc6 7. Bxc6+ bxc6 8. Nc3 Nf6 9. Bf4 Be7 10. Qd2 0-0 11. 0-0-0 Qd7 12. h4 Nh5 13. Be3 f5 14. exf5 Qxf5 15. f3 Nf6 16. Rdf1 Qe6 17. Bg5 h6 18. Bxf6 Bxf6 19. Kb1 Rab8 20. Ka1 Bxc3 21. Qxc3 Rb6 22. g4 Ra6 23. a3 Qf6 24. Qc4+ Kh8 25. Qxa6 Rb8 26. Rb1 Qxf3 27. Qxa7 Rc8 28. g5 c5 29. Rbf1 Qe4 30. gxh6 gxh6 31. Qa5 Qxc2 32. Qc3+ Qxc3 33. bxc3 Rb8 34. Rb1 Rf8 35. Rhf1 Rxf1 36. Rxf1 Kg7 1-0

[Event "ROM-ch U08"]
[Site "Calimanesti"]
[Date "2015.04.02"]
[Round "4"]
[White "Neghiu, Cristian Andrei"]
[Black "Nicolae, Dan Stefan"]
[Result "1/2-1/2"]
[WhiteElo "1214"]
[BlackElo "1271"]
[PlyCount "96"]
[EventDate "2015.03.30"]
[EventType "swiss"]
[EventRounds "9"]
[EventCountry "ROU"]
[SourceTitle "CBM 165 Extra"]
[Source "ChessBase"]
[SourceDate "2015.04.21"]
[SourceVersion "1"]
[SourceVersionDate "2015.04.21"]
[SourceQuality "1"]

1. e4 e6 2. d4 d5 3. Nc3 dxe4 4. Nxe4 Nf6 5. Bg5 Be7 6. Nxf6+ Bxf6 7. Bxf6 Qxf6 8. Nf3 Nc6 9. Bb5 Bd7 10. Qd2 a6 11. Be2 0-0 12. 0-0-0 b5 13. Rhe1 Rfb8 14. d5 Ne7 15. d6 cxd6 16. Qxd6 Rd8 17. Rd3 Be8 18. Qg3 Rdc8 19. Red1 Nc6 20. Kb1 e5 21. Re3 Nb4 22. Bd3 Qe6 23. b3 f6 24. Be4 Rd8 25. Rxd8 Rxd8 26. c3 Rd1+ 27. Kb2 Nd5 28. Rd3 Rxd3 29. Bxd3 e4 30. Nd4 Qe5 31. Qxe5 fxe5 32. Bxe4 Bf7 33. Nf5 g6 34. Nh6+ Kg7 35. Nxf7 Nf6 36. Nd6 Kf8 37. Bb7 Ke7 38. Ne4 Nxe4 39. Bxe4 Kd6 40. f3 a5 41. g4 Kc5 42. h4 b4 43. cxb4+ axb4 44. h5 gxh5 45. Bxh7 h4 46. Be4 h3 47. Kc2 Kd4 48. Ba8 h2 1/2-1/2